| 000 | 00831cab a2200265 4500 | ||
|---|---|---|---|
| 001 | ABS54538 | ||
| 008 | 090401t1996 xxu||||| |||| 00| 0 eng d | ||
| 035 | _a(Sirsi) u11023 | ||
| 041 | _aeng | ||
| 100 | _aBarnes, P. | ||
| 245 | _aWorking with the new regime | ||
| 260 | _c1996 | ||
| 350 | _a0 | ||
| 490 |
_aPlanning Week _v4(8) 22 February 1996, 14-15(2) |
||
| 520 | _aConsiders the changes to waste management control and procedure to be introduced through the new Environment Agency, analysing some of the likely effects on planning departments. | ||
| 650 | _aAIR QUALITY | ||
| 650 | _aCONTAMINATED LAND | ||
| 650 | _aENVIRONMENT AGENCY | ||
| 650 | _aPOLLUTION CONTROL | ||
| 650 | _aWASTE MANAGEMENT | ||
| 690 |
_aEnvironment _96238 |
||
| 690 | _aPLANNING LAW AND PRACTICE | ||
| 942 | _n0 | ||
| 948 | _c04/03/1997 | ||
| 999 |
_c7026 _d7026 |
||